[Event "24th ch-EUR Indiv w 2024"]
[Site "Rhodes GRE"]
[Date "2024.04.19"]
[Round "1.68"]
[White "Hakimifard, Ghazal"]
[Black "Vardi, Shlomit"]
[Result "1-0"]
[WhiteTitle "WGM"]
[WhiteElo "2253"]
[BlackElo "1906"]
[WhiteFideId "12506540"]
[BlackFideId "2801442"]
[EventDate "2024.04.19"]

1. e4 d6 2. d4 g6 3. Nc3 Bg7 4. Be3 a6 5. Qd2 Nd7 6. h4 Ngf6 7. f3 h5 8. O-O-O
b5 9. Nh3 Nb6 10. Ng5 e6 11. Bd3 Qe7 12. Rhe1 b4 13. Ne2 c5 14. c3 bxc3 15. Nxc3
O-O 16. dxc5 dxc5 17. Be2 Rb8 18. Bf4 e5 19. Be3 Re8 20. Qd6 Qxd6 21. Rxd6 Nfd7
22. a4 Bf8 23. Rd2 Nf6 24. a5 Nbd7 25. Bc4 Re7 26. Rd6 Kg7 27. Bxa6 Bxa6 28.
Rxa6 Ree8 29. Kc2 Ra8 30. Rxa8 Rxa8 31. Ra1 Nb8 32. Nd5 Nfd7 33. b4 Nc6 34. b5
Nd4+ 35. Bxd4 cxd4 36. g3 Bd6 37. a6 Rc8+ 38. Kd1 Bc5 39. f4 Rb8 40. Nc7 Ba7 41.
Rc1 Nc5 42. fxe5 Kf8 43. Rc2 Nd3 44. e6 f6 45. e7+ Kxe7 46. Nd5+ Kf8 47. Ne6+
Ke8 48. Rc7 1-0

[Event "24th ch-EUR Indiv w 2024"]
[Site "Rhodes GRE"]
[Date "2024.04.19"]
[Round "1.69"]
[White "Golsta, Ramona"]
[Black "Sandu, Mihaela"]
[Result "0-1"]
[BlackTitle "WGM"]
[WhiteElo "1867"]
[BlackElo "2253"]
[WhiteFideId "11607394"]
[BlackFideId "1204327"]
[EventDate "2024.04.19"]

1. d4 Nf6 2. Nf3 e6 3. e3 b6 4. Bd3 Bb7 5. O-O c5 6. c4 Be7 7. Nc3 a6 8. Re1 Qc7
9. h3 d6 10. b3 cxd4 11. exd4 b5 12. Bb2 bxc4 13. Bxc4 Nbd7 14. Rc1 Qd8 15. Qe2
d5 16. Bd3 O-O 17. Ng5 g6 18. g4 Qb6 19. Na4 Qd6 20. Nc5 Nxc5 21. dxc5 Qc6 22.
Qe5 Rac8 23. Bd4 Qc7 24. Qe3 Qd7 25. Nf3 Ne4 26. Qh6 f6 27. Nh4 Rf7 28. Qe3 e5
29. Bb2 Bxc5 30. Rxc5 Nxc5 31. Bb1 Ne6 32. Nf3 d4 33. Qe2 Nf4 0-1

[Event "24th ch-EUR Indiv w 2024"]
[Site "Rhodes GRE"]
[Date "2024.04.19"]
[Round "1.70"]
[White "Hryzlova, Sofiia"]
[Black "Tuktamisova, Diana"]
[Result "1-0"]
[WhiteTitle "WIM"]
[WhiteElo "2251"]
[BlackElo "1864"]
[WhiteFideId "14174669"]
[BlackFideId "13909932"]
[EventDate "2024.04.19"]

1. d4 Nf6 2. c4 g6 3. Nc3 d5 4. cxd5 Nxd5 5. e4 Nxc3 6. bxc3 Bg7 7. Nf3 c5 8.
Bb5+ Bd7 9. Rb1 Nc6 10. O-O Qa5 11. d5 Ne5 12. Bxd7+ Nxd7 13. Rxb7 Rd8 14. Qb3
O-O 15. c4 Rb8 16. Bf4 Rxb7 17. Qxb7 Nf6 18. e5 Nh5 19. Be3 Qxa2 20. Rc1 Re8 21.
Qd7 Rb8 22. g4 Qe2 23. Kg2 Rb2 24. Re1 Qxc4 25. gxh5 gxh5 26. h3 Rb6 27. d6 Qd3
28. Qd8+ Bf8 29. dxe7 1-0

[Event "24th ch-EUR Indiv w 2024"]
[Site "Rhodes GRE"]
[Date "2024.04.19"]
[Round "1.71"]
[White "Alexandri, Vasiliki"]
[Black "Manko, Mariia"]
[Result "0-1"]
[BlackTitle "WFM"]
[WhiteElo "1859"]
[BlackElo "2251"]
[WhiteFideId "42103606"]
[BlackFideId "14199220"]
[EventDate "2024.04.19"]

1. d4 Nf6 2. c4 c5 3. d5 b5 4. cxb5 a6 5. bxa6 g6 6. Nc3 Bg7 7. e4 O-O 8. Be2
Qa5 9. Bd2 Bxa6 10. e5 Ne8 11. Nf3 d6 12. e6 fxe6 13. Ng5 Rf5 14. O-O Bxe2 15.
Qxe2 Nc7 16. Nxe6 Re5 17. Ne4 Qa6 18. Qf3 Nxe6 19. dxe6 Nc6 20. Ng5 Bf6 21. h4
Nd4 22. Qg4 Qe2 23. Qxe2 Rxe2 24. Bc3 Nc2 25. Rab1 Rxa2 26. Rfc1 Bxc3 27. bxc3
h6 28. Nf3 Rxe6 29. Rb7 Re2 30. Rcb1 Na3 31. Rf1 Nc4 32. g3 Kf7 33. Rb3 Rec2 34.
Nh2 Nd2 0-1

[Event "24th ch-EUR Indiv w 2024"]
[Site "Rhodes GRE"]
[Date "2024.04.19"]
[Round "1.73"]
[White "Siskou, Evangelia"]
[Black "Prado Acebo, Ines"]
[Result "0-1"]
[BlackTitle "WFM"]
[WhiteElo "1837"]
[BlackElo "2229"]
[WhiteFideId "42113938"]
[BlackFideId "22251235"]
[EventDate "2024.04.19"]

1. e4 c5 2. Nf3 e6 3. g3 Nc6 4. Bg2 d5 5. exd5 exd5 6. d4 cxd4 7. Nxd4 Nf6 8.
O-O Be7 9. Bf4 Qb6 10. Nb3 Bg4 11. Qd2 O-O 12. Nc3 Rad8 13. Bg5 d4 14. Ne4 Nxe4
15. Bxe4 f6 16. Qf4 h5 17. Bh6 gxh6 18. Qxh6 Rf7 19. f3 Be6 20. Kh1 Qb5 21. Rae1
Bc4 22. Rf2 Rg7 23. Nd2 Qa5 24. c3 Ba6 25. b4 Qg5 26. Qxg5 fxg5 27. Bxc6 bxc6
28. cxd4 Bxb4 29. Rc1 Rxd4 30. Ne4 Rg6 31. Kg2 Bc4 32. Nc3 Rd3 33. Ne2 Bd5 34.
Kf1 Rxf3 35. Rxf3 Bxf3 36. Nd4 Bd5 37. Rb1 c5 0-1

[Event "24th ch-EUR Indiv w 2024"]
[Site "Rhodes GRE"]
[Date "2024.04.19"]
[Round "1.74"]
[White "Borosova, Zuzana"]
[Black "Chasouraki, Chrysi"]
[Result "1-0"]
[WhiteTitle "WGM"]
[WhiteElo "2225"]
[BlackElo "1827"]
[WhiteFideId "14905779"]
[BlackFideId "25861123"]
[EventDate "2024.04.19"]

1. e4 c5 2. Nf3 e6 3. c3 d5 4. exd5 Qxd5 5. d4 Nf6 6. Na3 Be7 7. Nb5 Na6 8. Be2
O-O 9. O-O Bd7 10. c4 Qc6 11. Ne5 Qc8 12. Nxd7 Qxd7 13. dxc5 Qxd1 14. Rxd1 Nxc5
15. Nc3 Rad8 16. Be3 b6 17. Kf1 Rfe8 18. Nb5 a5 19. Nc3 h6 20. Rxd8 Rxd8 21. Rd1
Rxd1+ 22. Bxd1 Nfd7 23. Na4 Nxa4 24. Bxa4 Nc5 25. Bc2 f5 26. f4 Bf6 27. b3 Kf7
28. Ke2 Bc3 29. Bd1 Kf6 30. Kf3 g6 31. g4 fxg4+ 32. Kxg4 e5 33. fxe5+ Bxe5 34.
h4 h5+ 35. Kf3 Bd6 36. Bg5+ Ke6 37. Bc2 Kf7 38. Bd8 Nd7 39. Be4 Ne5+ 40. Ke3
Ng4+ 41. Kf3 Ne5+ 42. Ke2 Bc5 43. Bd5+ Kg7 44. Bg5 Nf7 45. Be3 Nd6 46. Bg5 Nf7
47. Bd2 Nd6 48. Bc3+ Kh6 49. Kf3 Nf5 50. Bf6 Bb4 51. Be6 Ng7 52. Bd7 Bc5 53. Ke4
Kh7 54. Bd4 Bxd4 55. Kxd4 Nf5+ 56. Bxf5 gxf5 57. Ke5 Kg6 58. a3 f4 59. Kxf4 a4
60. bxa4 Kf6 61. c5 bxc5 62. a5 1-0

[Event "24th ch-EUR Indiv w 2024"]
[Site "Rhodes GRE"]
[Date "2024.04.19"]
[Round "1.75"]
[White "Dereka, Konstantina"]
[Black "Gajcin, Marina"]
[Result "0-1"]
[BlackTitle "WGM"]
[WhiteElo "1821"]
[BlackElo "2224"]
[WhiteFideId "25837435"]
[BlackFideId "949086"]
[EventDate "2024.04.19"]

1. d4 Nf6 2. c4 e6 3. Nc3 Bb4 4. Bd2 O-O 5. Nf3 b6 6. g3 Ba6 7. b3 d5 8. cxd5
exd5 9. Bg2 Re8 10. e3 c5 11. Ne2 Bxd2+ 12. Qxd2 Nc6 13. a3 Ne4 14. Qb2 Bxe2 15.
Kxe2 Qf6 16. Rhc1 Na5 17. Rab1 c4 18. b4 c3 19. Qa2 Nc4 20. Rc2 a5 21. b5 Qe7
22. Ra1 a4 23. h4 h6 24. Kf1 Ra5 25. Ne5 Nxe5 26. dxe5 Qxe5 27. Bxe4 dxe4 28.
Qc4 Rxb5 29. Qxc3 Rb3 30. Qxe5 Rxe5 31. Rc8+ Kh7 32. Kg2 b5 33. Rc7 Rf5 34. Rc2
h5 35. Raa2 Rd5 36. Rcb2 Rdd3 37. Rxb3 Rxb3 38. Kf1 f6 39. Ke2 Kg6 40. Kd2 Kf5
41. Rc2 Rxa3 42. Rc5+ Kg4 43. Rxb5 Ra2+ 44. Ke1 Kf3 45. Rf5+ Kg2 46. Rf4 a3 47.
Rxe4 Rb2 0-1

[Event "24th ch-EUR Indiv w 2024"]
[Site "Rhodes GRE"]
[Date "2024.04.19"]
[Round "1.76"]
[White "Sieber, Fiona"]
[Black "Aliu, Arlinda"]
[Result "1/2-1/2"]
[WhiteTitle "WGM"]
[WhiteElo "2222"]
[BlackElo "1813"]
[WhiteFideId "12902373"]
[BlackFideId "22101292"]
[EventDate "2024.04.19"]

1. e4 d6 2. d4 e5 3. Nf3 Bg4 4. dxe5 Bxf3 5. gxf3 dxe5 6. Qxd8+ Kxd8 7. Nd2 Nc6
8. c3 a6 9. a4 Nge7 10. Nc4 Ng6 11. Be3 f6 12. O-O-O+ Ke8 13. Bh3 Rd8 14. Rxd8+
Nxd8 15. Rd1 b5 16. axb5 axb5 17. Bd7+ Kf7 18. Bxb5 Be7 19. b4 Ne6 20. Bc6 Ngf4
21. Rd7 Rd8 22. Kd2 h5 23. Rxd8 Nxd8 24. Bd5+ Kg6 25. b5 Kg5 26. b6 cxb6 27.
Nxb6 Kh4 28. Bxf4 exf4 29. Ke2 Kh3 30. Nd7 Kxh2 31. Kf1 Bd6 32. c4 Be5 33. c5 g5
34. c6 Nxc6 35. Bxc6 g4 36. fxg4 hxg4 37. Nxf6 Bxf6 38. e5 Bxe5 39. Bd7 1/2-1/2

[Event "24th ch-EUR Indiv w 2024"]
[Site "Rhodes GRE"]
[Date "2024.04.19"]
[Round "1.77"]
[White "Mandura, Tijana"]
[Black "Kalayci, Nino"]
[Result "1/2-1/2"]
[WhiteTitle "WIM"]
[BlackTitle "WCM"]
[WhiteElo "2218"]
[BlackElo "1755"]
[WhiteFideId "16500270"]
[BlackFideId "13603221"]
[EventDate "2024.04.19"]

1. e4 e6 2. d4 d5 3. Nc3 dxe4 4. Nxe4 Nd7 5. Nf3 Ngf6 6. Nxf6+ Nxf6 7. c3 c5 8.
Be3 Qc7 9. Ne5 a6 10. Qa4+ Bd7 11. Nxd7 Qxd7 12. Qxd7+ Nxd7 13. O-O-O Nf6 14.
dxc5 Ne4 15. c6 bxc6 16. Be2 Nc5 17. Rd4 Nd7 18. Rhd1 Nb6 19. Bf3 Rc8 20. Bg5 f6
21. Bh4 Bc5 22. R4d2 h5 23. h3 g5 24. Bg3 e5 25. Bxc6+ Rxc6 26. Rd8+ Ke7 27.
Rxh8 h4 28. Bh2 Bxf2 29. Kd2 Nc4+ 30. Ke2 Bb6 31. Kf3 Nxb2 32. Rb1 Rxc3+ 33. Ke4
Na4 34. Rb4 Nc5+ 1/2-1/2

[Event "24th ch-EUR Indiv w 2024"]
[Site "Rhodes GRE"]
[Date "2024.04.19"]
[Round "1.78"]
[White "Saraci, Ndriqona"]
[Black "Wikar, Martyna"]
[Result "0-1"]
[WhiteTitle "WCM"]
[BlackTitle "WIM"]
[WhiteElo "1660"]
[BlackElo "2214"]
[WhiteFideId "969095"]
[BlackFideId "21807663"]
[EventDate "2024.04.19"]

1. e4 c5 2. Nf3 d6 3. d4 cxd4 4. Nxd4 Nf6 5. Nc3 a6 6. a4 e5 7. Nb3 Be6 8. Bg5
Nbd7 9. Nd2 Rc8 10. Be2 Be7 11. O-O Qb6 12. Nb3 O-O 13. Be3 Nc5 14. Nd5 Bxd5 15.
exd5 Nfd7 16. Nxc5 Nxc5 17. Rb1 Qc7 18. Bxc5 dxc5 19. Qd2 Bd6 20. Bg4 f5 21. Bh3
c4 22. b3 c3 23. Qg5 Be7 24. Qh5 g6 25. Qe2 Bc5 26. Rbd1 Bd4 27. Kh1 Qc5 28.
Rxd4 exd4 29. Qe6+ Kg7 30. Qe5+ Kh6 31. g3 Rce8 32. Qf4+ g5 33. Qc1 Qxd5+ 34.
Bg2 Qd7 35. h4 Qe7 36. Qxg5+ Qxg5 37. hxg5+ Kxg5 38. Bxb7 Re2 39. Bxa6 Rxc2 40.
Bc4 Rd8 41. Kg2 d3 42. Rd1 d2 43. f4+ Kf6 0-1

[Event "24th ch-EUR Indiv w 2024"]
[Site "Rhodes GRE"]
[Date "2024.04.19"]
[Round "1.79"]
[White "Jarocka, Liwia"]
[Black "Revelioti, Eleni Nefeli"]
[Result "1-0"]
[WhiteTitle "FM"]
[WhiteElo "2212"]
[BlackElo "1652"]
[WhiteFideId "21807558"]
[BlackFideId "42168090"]
[EventDate "2024.04.19"]

1. e4 e5 2. Nf3 Nc6 3. Bb5 a6 4. Ba4 Be7 5. O-O b5 6. Bb3 Nf6 7. Re1 d6 8. c3
Bg4 9. h3 Bh5 10. d3 O-O 11. Nbd2 Qd7 12. Nf1 Rfe8 13. Ng3 Bg6 14. Nh4 Kh8 15.
Qf3 Rf8 16. Nhf5 Rae8 17. a4 b4 18. a5 Rb8 19. Ba4 Rfe8 20. Nxe7 Rxe7 21. Bg5
Re6 22. Bb3 Re7 23. Bc4 bxc3 24. bxc3 Ra8 25. Bxf6 gxf6 26. Qxf6+ Kg8 27. h4 Qg4
28. h5 Bxh5 29. Nxh5 Qxh5 30. Re3 Re6 31. Bxe6 fxe6 32. Rg3+ 1-0

[Event "24th ch-EUR Indiv w 2024"]
[Site "Rhodes GRE"]
[Date "2024.04.19"]
[Round "1.80"]
[White "Recica, Jona"]
[Black "Toma, Katarzyna"]
[Result "0-1"]
[BlackTitle "WGM"]
[WhiteElo "1641"]
[BlackElo "2202"]
[WhiteFideId "22105239"]
[BlackFideId "1119907"]
[EventDate "2024.04.19"]

1. e4 c5 2. Nc3 a6 3. f4 b5 4. d4 cxd4 5. Qxd4 Bb7 6. Bd3 e6 7. Qf2 d6 8. Nf3
Nd7 9. Be3 Qc7 10. O-O Ngf6 11. a3 Ng4 12. Qe2 Nxe3 13. Qxe3 Be7 14. Rac1 O-O
15. Kh1 Qc5 16. Qd2 Rfd8 17. b4 Qc7 18. Ne2 Nb6 19. Ng3 Nc4 20. Qc3 Rac8 21. Nh5
Bf8 22. Nd2 Ne3 23. Qxc7 Rxc7 24. Rf3 Nc4 25. Bxc4 bxc4 26. Rc3 g6 27. Nf6+ Kg7
28. e5 dxe5 29. fxe5 Rxd2 30. Ne8+ Kh8 31. Nxc7 Rxg2 32. Rf1 Rg3+ 33. Rcf3 Bxf3+
34. Rxf3 Rxf3 35. Nxa6 Rxa3 36. b5 0-1

[Event "24th ch-EUR Indiv w 2024"]
[Site "Rhodes GRE"]
[Date "2024.04.19"]
[Round "1.81"]
[White "Pavlidou, Ekaterini"]
[Black "Popadyuk, Olga"]
[Result "1-0"]
[WhiteTitle "WIM"]
[WhiteElo "2201"]
[BlackElo "1633"]
[WhiteFideId "4213262"]
[BlackFideId "14176246"]
[EventDate "2024.04.19"]

1. d4 Nf6 2. c4 g6 3. Nc3 Bg7 4. e4 d6 5. Bd3 O-O 6. Nge2 Nbd7 7. h3 c5 8. d5
Ne5 9. f4 Nxd3+ 10. Qxd3 e6 11. dxe6 fxe6 12. Be3 a6 13. Rd1 Qa5 14. O-O Rd8 15.
e5 Ne8 16. Rd2 b5 17. b3 Bb7 18. Rfd1 bxc4 19. Qxc4 dxe5 20. Qxe6+ Kh8 21. fxe5
Qc7 22. Rxd8 Rxd8 23. Rxd8 Qxd8 24. Bxc5 Nc7 25. Qb6 Bxg2 26. Kxg2 Bxe5 27. Bd4
Qg5+ 28. Kh1 Bxd4 29. Qxd4+ Kg8 30. Qc4+ Kf8 31. Qxc7 Qf5 32. Qf4 1-0

[Event "24th ch-EUR Indiv w 2024"]
[Site "Rhodes GRE"]
[Date "2024.04.19"]
[Round "1.82"]
[White "Aydin, Gulenay"]
[Black "Korinioti, Myrto"]
[Result "1-0"]
[WhiteTitle "WFM"]
[WhiteElo "2195"]
[BlackElo "1457"]
[WhiteFideId "34557431"]
[BlackFideId "42153743"]
[EventDate "2024.04.19"]

1. e4 c5 2. c3 Nf6 3. e5 Nd5 4. Nf3 Nc6 5. Bc4 Nb6 6. Bb3 d5 7. exd6 exd6 8. d4
Bg4 9. O-O Be7 10. Be3 O-O 11. Nbd2 Qd7 12. h3 Bh5 13. Ne4 c4 14. Bc2 d5 15. Ng3
Bg6 16. Ne5 Qe6 17. Re1 Bxc2 18. Qxc2 f6 19. Nxc6 Qxc6 20. Nf5 Bd6 21. Bf4 Bc5
22. dxc5 Qxc5 23. Bd6 Qb5 24. Bxf8 Rxf8 25. Re7 Rd8 26. Rxg7+ Kh8 27. Rxh7+ Kxh7
28. Nd6+ Kg8 29. Qg6+ 1-0

[Event "24th ch-EUR Indiv w 2024"]
[Site "Rhodes GRE"]
[Date "2024.04.19"]
[Round "1.83"]
[White "Kaka, Rengina Tsampika"]
[Black "Nilssen, Ellen Fredericia"]
[Result "0-1"]
[BlackTitle "WFM"]
[WhiteElo "1480"]
[BlackElo "2195"]
[WhiteFideId "42153794"]
[BlackFideId "1441230"]
[EventDate "2024.04.19"]

1. d4 Nf6 2. Bf4 g6 3. e3 d6 4. Nf3 Bg7 5. Bd3 Nbd7 6. Nbd2 O-O 7. c3 Qe8 8. e4
e5 9. Bg3 Nh5 10. O-O Nxg3 11. hxg3 Qe7 12. Nb3 a5 13. a4 Re8 14. Re1 Nb6 15. d5
f5 16. Nbd2 Rf8 17. b4 f4 18. gxf4 Rxf4 19. b5 Bg4 20. Be2 Raf8 21. Rf1 Nd7 22.
Nh2 Bxe2 23. Qxe2 b6 24. Nhf3 Bh6 25. Ra2 Nc5 26. Re1 g5 27. g3 R4f7 28. c4 Kh8
29. Ra3 g4 30. Nh2 Rxf2 31. Qxf2 Rxf2 32. Kxf2 Bxd2 33. Re2 Bb4 34. Raa2 Nd3+
35. Kg2 Nc1 36. Rec2 Nxa2 37. Rxa2 Bc5 38. Nxg4 Qg5 39. Nf2 Qc1 40. Re2 Qxc4 41.
Re1 Bxf2 42. Kxf2 Qxa4 43. g4 Qxb5 44. g5 Qb2+ 45. Kf1 a4 46. Re2 Qxe2+ 47. Kxe2
a3 48. g6 a2 49. gxh7 a1=Q 50. Kf3 Qf1+ 51. Ke3 b5 52. Kd2 b4 53. Kc2 Qc4+ 54.
Kb1 Qe2 55. Kc1 b3 56. Kb1 Qa2+ 57. Kc1 Qc2# 0-1

[Event "24th ch-EUR Indiv w 2024"]
[Site "Rhodes GRE"]
[Date "2024.04.19"]
[Round "1.86"]
[White "Levitan, Ronit"]
[Black "Lamprianou, Marianna"]
[Result "1-0"]
[WhiteTitle "WFM"]
[WhiteElo "2187"]
[BlackElo "1462"]
[WhiteFideId "2815109"]
[BlackFideId "42153697"]
[EventDate "2024.04.19"]

1. e4 e5 2. Nf3 Nc6 3. Bb5 Nf6 4. O-O a6 5. Bxc6 dxc6 6. Nxe5 Bd6 7. Nf3 Bg4 8.
e5 Bxf3 9. Qxf3 Bxe5 10. Re1 Qd6 11. d4 Qxd4 12. c3 Qd6 13. Bf4 Nd7 14. Na3 b5
15. Rad1 Qxd1 16. Rxd1 Bxf4 17. Qxf4 O-O 18. Rxd7 Rae8 19. g3 h6 20. Nc2 Rd8 21.
Rxc7 g5 22. Qf6 Rd5 23. Ne3 Rdd8 24. Nf5 Rd1+ 25. Kg2 Kh7 26. Qg7# 1-0

[Event "24th ch-EUR Indiv w 2024"]
[Site "Rhodes GRE"]
[Date "2024.04.19"]
[Round "1.88"]
[White "Sanchez Ruiz, Piedad Esmeralda"]
[Black "Krasteva, Beloslava"]
[Result "0-1"]
[BlackTitle "FM"]
[WhiteElo "1806"]
[BlackElo "2220"]
[WhiteFideId "2286912"]
[BlackFideId "2922029"]
[EventDate "2024.04.19"]

1. e4 c5 2. Nf3 d6 3. d4 cxd4 4. Nxd4 Nf6 5. Nc3 a6 6. Bd3 e6 7. O-O Nbd7 8. h3
b5 9. a3 Bb7 10. Re1 Be7 11. Nf3 O-O 12. Bg5 Qc7 13. Bf4 e5 14. Bh2 Nc5 15. Qe2
Rfe8 16. Rad1 Bf8 17. Qd2 Rad8 18. b4 Nxd3 19. cxd3 Rc8 20. Rc1 Qb6 21. Rc2 g6
22. Rec1 Bg7 23. Ne2 Rcd8 24. Bg3 Rd7 25. Bh4 d5 26. exd5 Nxd5 27. Bg5 Nf6 28.
Ne1 e4 29. Be3 Qd8 30. d4 Nd5 31. Bg5 f6 32. Bh6 Bh8 33. Rc5 Nb6 34. Nc2 Nc4 35.
Qc3 Nd6 36. Ne3 Nf7 37. Bf4 f5 38. Rc7 g5 39. Bh2 f4 40. Nf1 Bd5 41. Rxd7 Qxd7
42. Nd2 e3 43. Nf1 exf2+ 44. Kxf2 Bc4 0-1

[Event "24th ch-EUR Indiv w 2024"]
[Site "Rhodes GRE"]
[Date "2024.04.20"]
[Round "2.1"]
[White "Osmak, Yuliia"]
[Black "Zhukova, Natalia"]
[Result "1-0"]
[WhiteTitle "IM"]
[BlackTitle "GM"]
[WhiteElo "2459"]
[BlackElo "2301"]
[WhiteFideId "14101602"]
[BlackFideId "14101513"]
[EventDate "2024.04.19"]

1. d4 d5 2. c4 e6 3. Nc3 Nf6 4. cxd5 exd5 5. Bg5 c6 6. e3 Bd6 7. Bd3 O-O 8. Nf3
Re8 9. O-O Bg4 10. Qb3 Na6 11. Rae1 b5 12. Nd2 Bh5 13. f4 h6 14. Bh4 g5 15. fxg5
Ng4 16. Nf3 Qc7 17. h3 Nxe3 18. gxh6 Nxf1 19. Rxf1 Bf4 20. Nxd5 cxd5 21. Qxd5
Bxh6 22. Qxh5 Qb6 23. Ne5 Rxe5 24. Qxf7+ 1-0

[Event "24th ch-EUR Indiv w 2024"]
[Site "Rhodes GRE"]
[Date "2024.04.20"]
[Round "2.2"]
[White "Rudzinska, Michalina"]
[Black "Efroimski, Marsel"]
[Result "1/2-1/2"]
[WhiteTitle "WIM"]
[BlackTitle "IM"]
[WhiteElo "2302"]
[BlackElo "2457"]
[WhiteFideId "1172883"]
[BlackFideId "2810964"]
[EventDate "2024.04.19"]

1. e4 c5 2. Nf3 Nc6 3. d4 cxd4 4. Nxd4 g6 5. Nc3 Bg7 6. Be3 Nf6 7. Bc4 O-O 8.
Bb3 d5 9. exd5 Na5 10. Qd2 Nxb3 11. Nxb3 b5 12. Nxb5 Qxd5 13. Qxd5 Nxd5 14. Bd4
Bh6 15. O-O Bf5 16. c4 Bd3 17. cxd5 Bxb5 18. Rfe1 Bc4 19. Rxe7 Bxd5 20. Nc5 Rfd8
21. Rd7 Bc6 22. Rxd8+ Rxd8 23. Nb3 Ba4 24. Bc3 Bg7 25. Rc1 Bxb3 26. axb3 Rb8 27.
b4 Bf8 28. Ra1 Bxb4 29. Bxb4 Rxb4 30. Rxa7 Rxb2 1/2-1/2

[Event "24th ch-EUR Indiv w 2024"]
[Site "Rhodes GRE"]
[Date "2024.04.20"]
[Round "2.3"]
[White "Papp, Sarah"]
[Black "Wagner, Dinara"]
[Result "1/2-1/2"]
[WhiteTitle "WGM"]
[BlackTitle "IM"]
[WhiteElo "2296"]
[BlackElo "2453"]
[WhiteFideId "24606812"]
[BlackFideId "24157570"]
[EventDate "2024.04.19"]

1. e4 e5 2. Nf3 Nc6 3. Bc4 Bc5 4. d3 Nf6 5. Bg5 h6 6. Bh4 d6 7. c3 a6 8. b4 Ba7
9. a4 g5 10. Bg3 Ng8 11. Nbd2 h5 12. h4 g4 13. Nh2 f5 14. exf5 Nh6 15. b5 Ne7
16. f6 Nef5 17. Nhf1 Qxf6 18. Ne4 Qe7 19. Ng5 Rf8 20. Ra2 a5 21. Bd5 Ng8 22. d4
Nf6 23. dxe5 dxe5 24. Re2 Nxg3 25. Nxg3 Qd6 26. N3e4 Nxe4 27. Nxe4 Qe7 28. Qb3
Bf5 29. Bxb7 Bxe4 30. Bxe4 O-O-O 31. g3 Rf6 32. O-O Qc5 33. Qc2 Rdf8 34. Qd2 1/2-1/2

[Event "24th ch-EUR Indiv w 2024"]
[Site "Rhodes GRE"]
[Date "2024.04.20"]
[Round "2.4"]
[White "Stefanova, Antoaneta"]
[Black "Klek, Hanna Marie"]
[Result "1/2-1/2"]
[WhiteTitle "GM"]
[BlackTitle "WGM"]
[WhiteElo "2447"]
[BlackElo "2294"]
[WhiteFideId "2902257"]
[BlackFideId "24670057"]
[EventDate "2024.04.19"]

1. d4 Nf6 2. c4 e6 3. Nf3 d5 4. Nc3 dxc4 5. e3 a6 6. a4 c5 7. Bxc4 Nc6 8. O-O
Be7 9. dxc5 Qxd1 10. Rxd1 Bxc5 11. Bd2 b6 12. Ng5 Ne5 13. Be2 Bb7 14. Rac1 Rc8
15. Na2 h6 16. Bc3 hxg5 17. Bxe5 O-O 18. Bxf6 gxf6 19. b4 Be7 20. Rd7 Bd5 21.
Rxe7 Bxa2 22. Rcc7 Rxc7 23. Rxc7 a5 24. bxa5 bxa5 25. f3 Ra8 26. e4 Kg7 27. Kf2
f5 28. e5 f4 29. g3 Rh8 30. Kg2 fxg3 31. hxg3 Bd5 32. g4 Rb8 33. Bb5 Rd8 34. Kf2
Rh8 35. Be2 Bb3 36. Ra7 Bxa4 37. Rxa5 Bc6 38. Rc5 Bd5 39. Ke3 1/2-1/2

[Event "24th ch-EUR Indiv w 2024"]
[Site "Rhodes GRE"]
[Date "2024.04.20"]
[Round "2.5"]
[White "Kubicka, Anna"]
[Black "Javakhishvili, Lela"]
[Result "0-1"]
[WhiteTitle "WIM"]
[BlackTitle "IM"]
[WhiteElo "2292"]
[BlackElo "2447"]
[WhiteFideId "1152254"]
[BlackFideId "13601458"]
[EventDate "2024.04.19"]

1. e4 e5 2. Bc4 Nf6 3. d3 Nc6 4. Nc3 Na5 5. Qf3 Bb4 6. Ne2 Nxc4 7. dxc4 d6 8.
Bg5 Bg4 9. Bxf6 Bxf3 10. Bxd8 Bxe2 11. Kxe2 Rxd8 12. Nd5 Ba5 13. b4 Bb6 14. a4
c6 15. Nxb6 axb6 16. a5 bxa5 17. bxa5 Kd7 18. a6 bxa6 19. Rxa6 Ra8 20. Rha1 Rxa6
21. Rxa6 c5 22. h4 h5 23. g3 Rb8 24. Kd3 Rb1 25. Kd2 g6 26. Ra8 Ke7 27. Rh8 Ra1
28. Rb8 Ra3 29. Rb3 Ra4 30. Kd3 Ke6 31. Rb8 Ra1 32. Kd2 Ra3 33. Rb3 Ra4 34. Kc3
f5 35. exf5+ gxf5 36. Rb8 Ra3+ 37. Kd2 Rf3 38. Ke2 Rc3 39. Kd2 Rxc4 40. Rh8 f4
41. Kd3 Kd5 42. Rxh5 fxg3 43. fxg3 Rg4 44. c4+ Rxc4 45. Rg5 Ra4 46. h5 c4+ 47.
Kc3 Ra1 48. Rg6 Rh1 49. h6 Kc5 50. Rg4 Rxh6 51. Rxc4+ Kd5 52. Kd3 Rh1 53. Ra4
Rg1 54. g4 Rg3+ 55. Ke2 e4 56. Ra5+ Kd4 57. Rg5 d5 58. Rg8 e3 59. Ra8 Rg2+ 60.
Kf3 Rf2+ 61. Kg3 Rf1 62. Ra4+ Kd3 63. Ra3+ Ke4 64. Ra2 d4 65. Kg2 Rf8 66. g5 Rf5
67. g6 Rg5+ 68. Kf1 Rxg6 69. Ra4 Rb6 70. Ke2 Rb2+ 71. Kd1 e2+ 72. Ke1 Ke3 73.
Rb4 Rc2 74. Rb3+ d3 75. Rc3 Rc1+ 76. Rxc1 d2# 0-1

[Event "24th ch-EUR Indiv w 2024"]
[Site "Rhodes GRE"]
[Date "2024.04.20"]
[Round "2.6"]
[White "Lach, Aleksandra"]
[Black "Mammadzada, Gunay"]
[Result "0-1"]
[WhiteTitle "WIM"]
[BlackTitle "IM"]
[WhiteElo "2292"]
[BlackElo "2436"]
[WhiteFideId "1134299"]
[BlackFideId "13403729"]
[EventDate "2024.04.19"]

1. e4 c5 2. c3 d5 3. exd5 Qxd5 4. d4 Nf6 5. Nf3 e6 6. Be3 Nc6 7. Na3 cxd4 8. Nb5
Qd8 9. Nbxd4 Nxd4 10. Bxd4 Be7 11. Bd3 Bd7 12. Ne5 O-O 13. Qc2 Be8 14. O-O Qc7
15. Rfe1 Bc5 16. Bxc5 Qxc5 17. Re3 Bb5 18. c4 Bc6 19. Rae1 Rfd8 20. Rh3 h6 21.
Qe2 Rd6 22. a3 a5 23. Rg3 a4 24. h3 Rad8 25. Kh2 Kf8 26. f4 Rd4 27. Qe3 Be4 28.
Bxe4 Nxe4 29. Rg4 Nf6 30. Rg3 Qc7 31. Qf3 Rd2 32. f5 exf5 33. Qxf5 Rxb2 34. Qf4
Qc5 35. Rf1 Rb6 36. Ng4 Qd4 37. Qf5 Qd7 38. Qf2 Nxg4+ 39. hxg4 Rf6 40. Qc5+ Qd6
41. Qxd6+ Rdxd6 42. Rc1 Rf4 43. Rb1 Rxc4 44. Rxb7 f6 45. Kh3 Rd1 46. Re3 Rdd4
47. Rb8+ Kf7 48. Rb7+ Kg8 49. Re8+ Kh7 50. Re6 Rc3+ 51. Kh2 Rxg4 52. Rxf6 Rc2
53. Rf3 Rgxg2+ 54. Kh3 Rh2+ 55. Kg3 Rcg2+ 56. Kf4 Rf2 57. Ra7 Rxf3+ 58. Kxf3
Rh3+ 59. Kg4 Rxa3 60. Kh5 Ra1 0-1